000 00857nas a2200289 4500
001 BR2010001861
003 BR-BrBNA
005 20231205114219.0
007 ta
008 230509b bl.|||p| |||| 00| 00por d
040 _aBR-BrBNA
_bpor
_cBiblioteca Nacional de Agricultura
041 _a(Pt)
072 _aF70
100 1 _aValentini, C.M.A.
100 1 _aRodriguez-Ortíz, C.E.
100 1 _aCoelho, M.F.B.
245 1 _aSiparuna guianensis Aublet (negramina): uma revisão
650 _aSIPARUNA
650 _aPLANTA MEDICINAL
650 _aPROPAGAÇÃO VEGETATIVA
650 _aETNOBOTANICA
650 _aFARMACIA
650 _aCERRADO
773 0 _tRevista Brasileira de Plantas Medicinais (Brazil)
_xISSN 1516-0572
_g(Feb 2010), v. 12(1) p. 96-104
_wBR2010001861
909 _a202311
_bLúcia
_c55
_dLúcia Elande
942 _2AGRIS
_n0
_cANA
999 _c207643
_d207643